00372cam a22001097a 4500008004000000082002300040100003500063245008900098260004100187300001000228440002400238180718b1968 xxu||||| |||| 00| 0 eng d aH5103x54 In2h/1968 aIndia. Rajya Sabha Secretariat aThe code of civil procedure (amendment) bill: as introduced in the Rajya Sabha, 1968 aDelhibRajya Sabha Secretariatc1968 a124+p aBill no. 34 of 1968